Fluid inclusions in the Ianapera Emerald, South Madagascar

Elmentve itt :
Bibliográfiai részletek
Szerzők: Vapnik Ye
Sabot B.
Moroz I.
Dokumentumtípus: Cikk
Megjelent: Department of Mineralogy, Geochemistry and Petrology, University of Szeged Szeged 2003
Sorozat:Acta mineralogica-petrographica 2
Acta mineralogica-petrographica : abstract series 2
Kulcsszavak:Földtan, Ásványtan, Kőzettan
Tárgyszavak:
Online Access:http://acta.bibl.u-szeged.hu/31545
LEADER 00957nab a2200241 i 4500
001 acta31545
005 20260212145248.0
008 161017s2003 hu o 000 eng d
022 |a 0324-6523, 1589-4835 
040 |a SZTE Egyetemi Kiadványok Repozitórium  |b hun 
041 |a eng 
100 1 |a Vapnik Ye. 
245 1 0 |a Fluid inclusions in the Ianapera Emerald, South Madagascar  |h [elektronikus dokumentum] /  |c  Vapnik Ye. 
260 |a Department of Mineralogy, Geochemistry and Petrology, University of Szeged  |b Szeged  |c 2003 
300 |a 226-227 
490 0 |a Acta mineralogica-petrographica  |v 2 
490 0 |a Acta mineralogica-petrographica : abstract series  |v 2 
650 4 |a Természettudományok 
650 4 |a Föld- és kapcsolódó környezettudományok 
695 |a Földtan, Ásványtan, Kőzettan 
700 0 1 |a Sabot B.  |e aut 
700 0 1 |a Moroz I.  |e aut 
856 4 0 |u http://acta.bibl.u-szeged.hu/31545/1/mineralogica_as_002_226-227.pdf  |z Dokumentum-elérés